Zgadnij rysowane amerykańskie państwa - Statystyki

Ogólne statystyki
  • Ten quiz został rozwiązany 2 327 razy
  • Średni wynik to 7 z 16
Odpowiedzi na mapie
Odpowiedzi zakodowano w zielono-czerwonej skali na mapie do tego quizu, zgodnie z poniższymi procentami.
 
Statystyki odpowiedzi
% Poprawnych
Stany Zjednoczone
57%
Kanada
56%
Meksyk
56%
Brazylia
55%
Chile
54%
Kuba
54%
Argentyna
51%
Panama
51%
Wenezuela
50%
Peru
49%
Boliwia
46%
Haiti
46%
Jamajka
46%
Bahamy
45%
Kolumbia
45%
Paragwaj
45%
Gwatemala
44%
Nikaragua
43%
Belize
42%
Gujana
42%
Trynidad i Tobago
42%
Kostaryka
39%
Salwador
39%
Urugwaj
39%
Ekwador
38%
Antigua i Barbuda
37%
Saint Vincent i Grenadyny
37%
Dominikana
34%
Saint Kitts i Nevis
34%
Honduras
33%
Surinam
33%
Saint Lucia
31%
Barbados
28%
Grenada
28%
Dominika
25%
Nie znaleziono quizów pasujących do podanych kryteriów
Rozkład punktacji
Procent ludzi z każdym wynikiem
Percentyl według liczby udzielonych odpowiedzi
Twoja historia wyników
Nie rozwiązałeś tego quizu